000
00290nam a22001337a 4500
008
181002b xxu||||| |||| 00| 0 eng d
020
_a
041
_a
eng
080
_2
2nd
_a
610
100
_a
6
101
_a
ANE
245
_a
The anesthesia drugs handbook
_c
Omoigui,S
942
_2
udc
_c
BK
999
_c
48786
_d
48786